000 00400nam a22001697a 4500
003 MPLRDC
005 20220104113934.0
008 210129b ||||| |||| 00| 0 eng d
082 _a848.2 CRX-6
100 _a陈若曦著
245 _a无聊才读书
_c
250 _a二版
260 _a
_b天地图书有限公司
_c1985
300 _b
650 _a现代别集
942 _cBK
_o848.2 CRX-6
999 _c3538
_d3528